[Event "DSOL 05 Liga Gr-C 1st"]
[Site "Playchess.com INT"]
[Date "2020.06.26"]
[Round "1.1"]
[White "Hoke, Joshua Sky"]
[Black "Grotz, Stephan"]
[Result "1-0"]
[WhiteElo "1762"]
[BlackElo "1853"]
[PlyCount "49"]
[EventDate "2020.06.22"]
[EventType "team-tourn (rapid)"]
[EventCountry "GER"]
[SourceTitle "EXT 2021"]
[Source "ChessBase"]
[SourceDate "2020.10.23"]
[SourceVersion "1"]
[SourceVersionDate "2020.10.23"]
[SourceQuality "1"]
[WhiteTeam "Gottingen Rot-Weiss II"]
[BlackTeam "Gern SF"]
[WhiteTeamCountry "GER"]
[BlackTeamCountry "GER"]

1. e4 g6 2. d4 Bg7 3. Nc3 d6 4. Nf3 Nd7 5. Bc4 h6 6. Be3 e5 7. 0-0 Ne7 8. dxe5 dxe5 9. Qe2 0-0 10. Rad1 c6 11. Qd2 Kh7 12. Qd6 Qe8 13. Qc7 g5 14. Rd3 Ng6 15. Rfd1 g4 16. Ne1 Qe7 17. Rxd7 Bxd7 18. Rxd7 Qb4 19. Bxf7 Nf4 20. Bxf4 exf4 21. Bb3 Rg8 22. Bxg8+ Rxg8 23. Nd3 Qf8 24. Rf7 Qd8 25. Rxg7+ 1-0

[Event "Regionalliga SW 0809"]
[Site "Bayern"]
[Date "2009.03.29"]
[Round "9.8"]
[White "Schmidt, Thomas3333"]
[Black "Grotz, Stephan"]
[Result "1-0"]
[WhiteElo "1797"]
[BlackElo "1974"]
[PlyCount "59"]
[EventDate "2008.10.05"]
[EventType "team-tourn"]
[EventRounds "9"]
[EventCountry "GER"]
[SourceTitle "EXT 2020"]
[Source "ChessBase"]
[SourceDate "2019.10.17"]
[SourceVersion "1"]
[SourceVersionDate "2019.10.17"]
[SourceQuality "1"]
[WhiteTeam "Tuerkheim"]
[BlackTeam "Muenchen Tarrasch II"]
[WhiteTeamCountry "GER"]
[BlackTeamCountry "GER"]

1. d4 g6 2. Nf3 Bg7 3. e4 d6 4. h3 Nd7 5. Be3 Ngf6 6. Bd3 0-0 7. Qd2 c5 8. Nc3 a6 9. a4 cxd4 10. Nxd4 Nc5 11. 0-0 Bd7 12. Nde2 Bc6 13. Ng3 h5 14. Bg5 Re8 15. f4 Qb6 16. Kh1 e6 17. f5 exf5 18. exf5 Nfe4 19. Ngxe4 Bxe4 20. Nxe4 Rxe4 21. fxg6 Nxd3 22. gxf7+ Kf8 23. Qxd3 Qc6 24. Rad1 Rc8 25. Qxd6+ Qxd6 26. Rxd6 Rec4 27. Rd7 Re4 28. Rxb7 Re2 29. c3 Re6 30. Rd7 1-0

[Event "Regionalliga SW 0405"]
[Site "Bayern"]
[Date "2005.04.10"]
[Round "9.8"]
[White "Moses, Daniel"]
[Black "Grotz, Stephan"]
[Result "0-1"]
[WhiteElo "1892"]
[BlackElo "1986"]
[PlyCount "60"]
[EventDate "2004.10.24"]
[EventType "team-tourn"]
[EventRounds "9"]
[EventCountry "GER"]
[SourceTitle "EXT 2007"]
[Source "ChessBase"]
[SourceDate "2006.11.23"]
[SourceVersion "1"]
[SourceVersionDate "2006.11.23"]
[SourceQuality "1"]
[WhiteTeam "Muenchen Schwabing/Nord II"]
[BlackTeam "Muenchen Tarrasch II"]
[WhiteTeamCountry "GER"]
[BlackTeamCountry "GER"]

1. Nc3 Nf6 2. e4 e5 3. g3 Nc6 4. Bg2 Bc5 5. Nf3 0-0 6. Nxe5 Bxf2+ 7. Kxf2 Nxe5 8. Rf1 d6 9. d4 Bg4 10. Qe1 Nc6 11. Be3 Qd7 12. Kg1 Bh3 13. Qd2 Bxg2 14. Qxg2 Ng4 15. Qd2 Nxe3 16. Qxe3 Rae8 17. Qd3 Nb4 18. Qd2 c6 19. a3 Na6 20. Rae1 Nc7 21. Qg5 Re6 22. Rf2 Rg6 23. Qf5 Qe7 24. Rfe2 Rf6 25. Qg4 Ne6 26. e5 Rg6 27. Qe4 d5 28. Qd3 Nf4 29. Qf3 Nxe2+ 30. Nxe2 Qg5 0-1

[Event "Regionalliga SW 0304"]
[Site "Bayern"]
[Date "2004.03.07"]
[Round "7.7"]
[White "Grotz, Stephan"]
[Black "Stoehr, Herbert"]
[Result "1/2-1/2"]
[WhiteElo "1949"]
[BlackElo "1967"]
[PlyCount "92"]
[EventDate "2003.10.??"]
[EventType "team"]
[EventRounds "9"]
[EventCountry "GER"]
[SourceTitle "EXT 2006"]
[Source "ChessBase"]
[SourceDate "2005.11.24"]
[SourceVersion "1"]
[SourceVersionDate "2005.11.24"]
[SourceQuality "1"]
[WhiteTeam "Muenchen Tarrasch II"]
[BlackTeam "Muenchen 77 Nord"]
[WhiteTeamCountry "GER"]
[BlackTeamCountry "GER"]

1. e4 c5 2. Nc3 e6 3. f4 Nc6 4. Bc4 Nge7 5. Nf3 d5 6. Bb5 d4 7. Ne2 a6 8. Bxc6+ Nxc6 9. d3 g6 10. 0-0 Bg7 11. Ng3 0-0 12. Qe2 b5 13. e5 Bb7 14. Ne4 Qe7 15. Nd6 Nd8 16. a4 b4 17. Nd2 Bc6 18. N2c4 Nb7 19. Bd2 Nxd6 20. Nxd6 f5 21. b3 Rfd8 22. Be1 Rd7 23. Bg3 Qd8 24. Qf2 Bf8 25. Bh4 Be7 26. Bxe7 Qxe7 27. Qg3 Rf8 28. Rae1 Qg7 29. Re2 h6 30. Nc4 Kh7 31. h4 Rg8 32. Qh3 Qe7 33. Nd2 Kg7 34. Nf3 Kf8 35. g4 Qd8 36. Kh2 Rdg7 37. g5 Bxf3 38. Qxf3 hxg5 39. fxg5 Qc8 40. Kg3 Ke7 41. Rh2 Qa8 42. Qxa8 Rxa8 43. h5 Rag8 44. Kf4 Rh7 45. Rfh1 Rgh8 46. h6 Kd7 1/2-1/2

[Event "Regionalliga SW 0203"]
[Site "Bayern"]
[Date "2003.03.30"]
[Round "9.5"]
[White "Grotz, Stephan"]
[Black "Pittelkow, Erhard"]
[Result "0-1"]
[WhiteElo "1935"]
[BlackElo "2052"]
[PlyCount "114"]
[EventDate "2002.10.20"]
[EventType "team"]
[EventRounds "9"]
[EventCountry "GER"]
[SourceTitle "EXT 2004"]
[Source "ChessBase"]
[SourceDate "2003.11.25"]
[SourceVersion "1"]
[SourceVersionDate "2003.11.25"]
[SourceQuality "1"]
[WhiteTeam "Muenchen Tarrasch II"]
[BlackTeam "Muenchen RTA"]
[WhiteTeamCountry "GER"]
[BlackTeamCountry "GER"]

1. d4 Nf6 2. c4 g6 3. Nc3 d5 4. cxd5 Nxd5 5. g3 Bg7 6. Bg2 Nxc3 7. bxc3 c5 8. e3 0-0 9. Ne2 Nd7 10. 0-0 Rb8 11. a4 b6 12. Ba3 Bb7 13. e4 Ba6 14. Re1 Bxe2 15. Rxe2 Qc7 16. Rc1 Rfd8 17. Qb3 e5 18. Qc4 Rbc8 19. d5 Nf6 20. Rd1 Ne8 21. Bc1 Nd6 22. Qa2 Rb8 23. f4 f6 24. Rf1 Rf8 25. Bh3 Kh8 26. c4 a6 27. Qc2 Ra8 28. Ba3 Nb7 29. fxe5 fxe5 30. Ref2 Rxf2 31. Rxf2 Rf8 32. Rxf8+ Bxf8 33. Qf2 Bg7 34. Bb2 Nd6 35. Bxe5 Qe7 36. Bxg7+ Qxg7 37. e5 Nxc4 38. d6 Nxe5 39. d7 Nc6 40. Qf3 Nd8 41. Bf1 Qd4+ 42. Kh1 Kg7 43. Bxa6 Qxd7 44. Bb5 Qd4 45. h4 Qf6 46. Qd5 Nf7 47. Bc4 Ne5 48. Be2 Qc6 49. Qxc6 Nxc6 50. Kg2 Kf6 51. Kf2 h6 52. Ke3 Ke5 53. Bd3 Ne7 54. g4 g5 55. hxg5 hxg5 56. Be2 Nd5+ 57. Kd2 Kd4 0-1

[Event "Regionalliga SW 0203"]
[Site "Bayern"]
[Date "2003.02.09"]
[Round "6.6"]
[White "Grotz, Stephan"]
[Black "Hoennekes, Klaus"]
[Result "0-1"]
[WhiteElo "1935"]
[BlackElo "2026"]
[PlyCount "88"]
[EventDate "2002.10.20"]
[EventType "team"]
[EventRounds "9"]
[EventCountry "GER"]
[SourceTitle "EXT 2004"]
[Source "ChessBase"]
[SourceDate "2003.11.25"]
[SourceVersion "1"]
[SourceVersionDate "2003.11.25"]
[SourceQuality "1"]
[WhiteTeam "Muenchen Tarrasch II"]
[BlackTeam "Muenchen Suedost"]
[WhiteTeamCountry "GER"]
[BlackTeamCountry "GER"]

1. d4 f5 2. g3 Nf6 3. Bg2 g6 4. c3 Bg7 5. Nh3 c6 6. Qb3 Qb6 7. Nd2 Qxb3 8. Nxb3 d6 9. 0-0 a5 10. Nd2 0-0 11. Nf3 a4 12. Nf4 Re8 13. Nd3 a3 14. bxa3 Ne4 15. Bb2 Nd7 16. Rfd1 Nb6 17. Nd2 Nxd2 18. Rxd2 Nc4 19. Rc2 e5 20. dxe5 dxe5 21. Bf1 e4 22. Nf4 Nxb2 23. Rxb2 Bxc3 24. Rab1 Bxb2 25. Rxb2 Rxa3 26. e3 Rc3 27. Ne2 Rc5 28. Nd4 Kg7 29. a4 Kf6 30. Nb3 Rc3 31. Na5 Rc1 32. Kg2 g5 33. Nxb7 f4 34. exf4 gxf4 35. f3 exf3+ 36. Kf2 Ree1 37. Ba6 fxg3+ 38. Kxg3 h5 39. Kxf3 Kg5 40. Rg2+ Bg4+ 41. Kf2 Re5 42. Bd3 Kf4 43. a5 Ra1 44. h4 Bh3 0-1

[Event "Bad Woerishofen op 16th"]
[Site "Bad Woerishofen"]
[Date "2000.03.19"]
[Round "3"]
[White "Hipp, Hermann"]
[Black "Grotz, Stephan"]
[Result "0-1"]
[WhiteElo "2032"]
[BlackElo "2200"]
[PlyCount "82"]
[EventDate "2000.03.??"]
[EventType "swiss"]
[EventRounds "9"]
[EventCountry "GER"]
[SourceTitle "CBM 075 Extra"]
[Source "ChessBase"]
[SourceDate "2000.05.11"]
[SourceVersion "2"]
[SourceVersionDate "2000.05.11"]
[SourceQuality "1"]

1. c4 f5 2. d4 Nf6 3. Nf3 e6 4. Nc3 d5 5. Bf4 c6 6. e3 Be7 7. Be2 0-0 8. Ne5 Nbd7 9. 0-0 Ne4 10. Nxe4 fxe4 11. Qb3 Nxe5 12. Bxe5 Bf6 13. Bg3 b6 14. f3 exf3 15. Rxf3 Bb7 16. c5 b5 17. Bd6 Be7 18. Rxf8+ Bxf8 19. Bxf8 Qxf8 20. Rf1 Qe7 21. Bg4 a5 22. Qd1 e5 23. Qf3 exd4 24. exd4 Re8 25. Kh1 b4 26. h3 Ba6 27. Rf2 a4 28. Qf4 Bb5 29. Kh2 g6 30. Bd1 a3 31. bxa3 bxa3 32. Bc2 Bc4 33. Bb1 Rf8 34. Qg3 Rxf2 35. Qxf2 Qb7 36. Qe1 Qb8+ 37. Kg1 Qf4 38. Qe8+ Kg7 39. Qe5+ Qxe5 40. dxe5 Kf7 41. h4 Ke6 0-1

[Event "Regionalliga SW 9900"]
[Site "Bayern"]
[Date "2000.??.??"]
[Round "7.7"]
[White "Lux, Werner"]
[Black "Grotz, Stephan"]
[Result "0-1"]
[WhiteElo "1860"]
[BlackElo "1970"]
[PlyCount "130"]
[EventDate "1999.??.??"]
[EventType "team-tourn"]
[EventRounds "9"]
[EventCountry "GER"]
[SourceTitle "EXT 2020"]
[Source "ChessBase"]
[SourceDate "2019.10.17"]
[SourceVersion "1"]
[SourceVersionDate "2019.10.17"]
[SourceQuality "1"]
[WhiteTeam "Tuerkheim"]
[BlackTeam "Muenchen Tarrasch"]
[WhiteTeamCountry "GER"]
[BlackTeamCountry "GER"]

1. e4 c5 2. Nc3 d6 3. f4 Nc6 4. Nf3 g6 5. Bc4 e6 6. 0-0 Bg7 7. d3 Nge7 8. Qe1 0-0 9. Qh4 d5 10. Bb3 Nd4 11. f5 exf5 12. Bg5 f6 13. Bh6 Nxb3 14. Bxg7 Kxg7 15. axb3 fxe4 16. dxe4 d4 17. Rad1 Nc6 18. Nd5 Bd7 19. Qg3 Rc8 20. e5 Bf5 21. exf6+ Kh8 22. c4 Rxf6 23. Nxf6 Qxf6 24. Rde1 d3 25. Rf2 Rf8 26. Nh4 Nd4 27. Nxf5 Ne2+ 28. Rfxe2 dxe2 29. Rxe2 Qxf5 30. Qe5+ Kg8 31. Qxf5 Rxf5 32. Re8+ Kg7 33. Rc8 b6 34. Rc7+ Rf7 35. Rxf7+ Kxf7 36. Kf2 Ke6 37. Kf3 Ke5 38. Ke3 h6 39. g3 h5 40. Kf3 Kf5 41. Ke3 g5 42. Kf3 a6 43. Ke3 Kg4 44. Kf2 Kh3 45. Kg1 h4 46. gxh4 gxh4 47. Kh1 Kg4 48. Kg2 h3+ 49. Kf2 Kf4 50. Ke2 b5 51. Kf2 bxc4 52. bxc4 a5 53. b3 Ke4 54. Ke2 Kd4 55. Kd2 a4 56. bxa4 Kxc4 57. Kc2 Kb4 58. a5 Kxa5 59. Kc3 Kb5 60. Kb3 c4+ 61. Kc3 Kc5 62. Kc2 Kd4 63. Kd2 Ke4 64. Kc3 Kf3 65. Kxc4 Kg2 0-1

[Event "Regionalliga SW 9900"]
[Site "Bayern"]
[Date "2000.??.??"]
[Round "6.8"]
[White "Tuerschmann, Steffen"]
[Black "Grotz, Stephan"]
[Result "0-1"]
[WhiteElo "1950"]
[BlackElo "1970"]
[PlyCount "44"]
[EventDate "1999.??.??"]
[EventType "team-tourn"]
[EventRounds "9"]
[EventCountry "GER"]
[SourceTitle "EXT 2020"]
[Source "ChessBase"]
[SourceDate "2019.10.17"]
[SourceVersion "1"]
[SourceVersionDate "2019.10.17"]
[SourceQuality "1"]
[WhiteTeam "Augsburg SG 1873"]
[BlackTeam "Muenchen Tarrasch"]
[WhiteTeamCountry "GER"]
[BlackTeamCountry "GER"]

1. e4 e5 2. Nf3 Nc6 3. Bb5 a6 4. Ba4 Nf6 5. 0-0 b5 6. Bb3 Be7 7. Re1 0-0 8. c3 d5 9. exd5 Nxd5 10. Nxe5 Nxe5 11. Rxe5 c6 12. d4 Bd6 13. Re1 Qh4 14. g3 Qh3 15. Nd2 Bg4 16. Nf3 Rae8 17. Rf1 Qh5 18. Kg2 Re6 19. Qd3 Bf5 20. Qd2 Be4 21. Bd1 Nf4+ 22. Kg1 Bxf3 0-1

[Event "Regionalliga SW 9900"]
[Site "Bayern"]
[Date "1999.??.??"]
[Round "1.8"]
[White "Graf, Stefan1111"]
[Black "Grotz, Stephan"]
[Result "0-1"]
[WhiteElo "1776"]
[BlackElo "1970"]
[PlyCount "81"]
[EventDate "1999.??.??"]
[EventType "team-tourn"]
[EventRounds "9"]
[EventCountry "GER"]
[SourceTitle "EXT 2020"]
[Source "ChessBase"]
[SourceDate "2019.10.17"]
[SourceVersion "1"]
[SourceVersionDate "2019.10.17"]
[SourceQuality "1"]
[WhiteTeam "Noerdlingen"]
[BlackTeam "Muenchen Tarrasch"]
[WhiteTeamCountry "GER"]
[BlackTeamCountry "GER"]

1. e4 c5 2. Nf3 d6 3. d4 cxd4 4. Nxd4 Nf6 5. Nc3 g6 6. Be2 Bg7 7. Be3 0-0 8. f3 Nc6 9. Qd2 Bd7 10. 0-0-0 Qa5 11. Nb3 Qd8 12. h4 h5 13. Rdg1 Ne5 14. Nd5 Nxd5 15. exd5 Rc8 16. g4 Nc4 17. Bxc4 Rxc4 18. gxh5 Bf5 19. c3 Qc7 20. Nd4 Rc8 21. Kd1 Qd7 22. hxg6 fxg6 23. h5 R8c5 24. hxg6 Rxd5 25. Qh2 e5 26. Qe2 Rc8 27. Bh6 exd4 28. Bxg7 dxc3+ 29. Ke1 Qxg7 30. Rh7 Re5 31. Rxg7+ Kxg7 32. bxc3 Rxc3 33. Rg5 Rxf3 34. Kd2 Rxe2+ 35. Kxe2 Rf4 36. Ke3 Re4+ 37. Kf3 Re5 38. Kf4 Bb1 39. Rxe5 dxe5+ 40. Kxe5 Bxa2 41. Kd6 0-1